000 00488nam a22001937a 4500
003 LK-CoDNM
005 20250109151312.0
008 250109b |||||||| |||| 00| 0 eng d
040 _aLK-CoDNM
_dLK-CoDNM
_eLK-CoDNM
041 _aeng
080 _a5
_bH9
100 _aBowdler,George
245 _aMonograph of the British Alphides
260 _aLondon
_bThe Ray Society
_c1875
300 _aviii, 193p. : ill ; 23 cm
490 _vVolume I
650 _aScience
942 _cBK
999 _c235794
_d235794